Terra alta (Record no. 5166)

MARC details
000 -CABECERA
campo de control de longitud fija 02477nam a22002777a 4500
008 - DATOS DE LONGITUD FIJA--INFORMACIÓN GENERAL
campo de control de longitud fija 251111b |||||||| |||| 00| 0 eng d
020 ## - NÚMERO INTERNACIONAL ESTÁNDAR DEL LIBRO
Número Internacional Estándar del Libro 9788411070904
040 ## - FUENTE DE LA CATALOGACIÓN
Centro/agencia transcriptor tbs
041 ## - CÓDIGO DE LENGUA
Código de lengua del texto/banda sonora o título independiente spa
050 ## - SIGNATURA TOPOGRÁFICA DE LA BIBLIOTECA DEL CONGRESO
Número de clasificación PQ6653.E62
Número de documento/Ítem T47 2019
100 ## - ENTRADA PRINCIPAL--NOMBRE DE PERSONA
Nombre de persona Cercas, Javier
Fechas asociadas al nombre 1962-
9 (RLIN) 25458
Término indicativo de función/relación author
245 ## - MENCIÓN DE TÍTULO
Título Terra alta
Mención de responsabilidad, etc. / Javier Cercas.
250 ## - MENCIÓN DE EDICIÓN
Mención de edición First edition
260 ## - PUBLICACIÓN, DISTRIBUCIÓN, ETC.
Lugar de publicación, distribución, etc. Barcelona :
Nombre del editor, distribuidor, etc. Tusquets Editores,
Fecha de publicación, distribución, etc. 2022.
300 ## - DESCRIPCIÓN FÍSICA
Extensión 365 pages ;
Dimensiones 23 cm.
490 ## - MENCIÓN DE SERIE
Mención de serie Autores españoles e iberoamericanos
490 ## - MENCIÓN DE SERIE
Mención de serie Terra alta ;
Designación de volumen o secuencia bk. 1
520 ## - SUMARIO, ETC.
Sumario, etc. Un crimen terrible sacude la apacible comarca de la Terra Alta: los propietarios de su mayor empresa, Gráficas Adell, aparecen asesinados tras haber sido sometidos a atroces torturas. Se encarga del caso Melchor Marín, un joven policía y lector voraz llegado desde Barcelona cuatro años atrás, con un oscuro pasado a cuestas que le ha convertido en una leyenda del cuerpo y que cree haber enterrado bajo su vida feliz como marido de la bibliotecaria del pueblo y padre de una niña llamada Cosette, igual que la hija de Jean Valjean, el protagonista de su novela favorita: Los miserables. Partiendo de ese suceso, esta novela se convierte en una reflexión sobre el valor de la ley, la posibilidad de la justicia y la legitimidad de la venganza, pero sobre todo en la epopeya de un hombre en busca de su lugar en el mundo.
520 ## - SUMARIO, ETC.
Sumario, etc. A terrible crime shakes the peaceful region of Terra Alta: the owners of its largest company, Gráficas Adell, are found murdered after having been subjected to horrific torture. The case is assigned to Melchor Marín, a young police officer and voracious reader who arrived from Barcelona four years earlier. Burdened with a dark past that has turned him into a legend within the force, he believes he has buried it beneath his happy life as the husband of the town librarian and the father of a little girl named Cosette—just like Jean Valjean’s daughter in his favorite novel, Les Misérables.<br/><br/>From this brutal event, the novel unfolds as a meditation on the value of the law, the possibility of justice, and the legitimacy of vengeance—but above all, as the epic story of a man searching for his place in the world.
586 ## - NOTA DE PREMIOS
Nota de premios Premio Planeta, 2019.
650 #0 - PUNTO DE ACCESO ADICIONAL DE MATERIA--TÉRMINO DE MATERIA
Término de materia o nombre geográfico como elemento de entrada Murder
Subdivisión general Investigation
Subdivisión de forma Fiction
9 (RLIN) 7769
650 #0 - PUNTO DE ACCESO ADICIONAL DE MATERIA--TÉRMINO DE MATERIA
Término de materia o nombre geográfico como elemento de entrada Police
Subdivisión geográfica Spain
Subdivisión de forma Fiction
9 (RLIN) 26463
650 #0 - PUNTO DE ACCESO ADICIONAL DE MATERIA--TÉRMINO DE MATERIA
Término de materia o nombre geográfico como elemento de entrada Fathers and daughters
Subdivisión de forma Fiction
9 (RLIN) 22885
655 #0 - TÉRMINO DE INDIZACIÓN--GÉNERO/FORMA
Datos o término principal de género/forma Detective and mystery fiction
9 (RLIN) 23664
942 ## - ELEMENTOS DE ENTRADA AGREGADA (KOHA)
Fuente del sistema de clasificación o colocación Clasificación de Library of Congress
Holdings
Estado de retiro Estado de pérdida Fuente del sistema de clasificación o colocación Estado dañado No para préstamo Biblioteca de origen Biblioteca actual Fecha de adquisición Total de préstamos Signatura topográfica completa Código de barras Fecha visto por última vez Número de copia Precio válido a partir de Tipo de ítem Koha
    Clasificación de Library of Congress     TBS Barcelona TBS Barcelona 11/11/2025   P-SP CER B05660 11/11/2025 1 11/11/2025 Book

Powered by Koha